[Event "Blitz 2018"]
[Site "Saint-Petersburg"]
[Date "2018.12.29"]
[Round "11"]
[Board "25"]
[White "Sargissian Gabriel (ARM)"]
[Black "Potkin Vladimir (RUS)"]
[Result "1-0"]
[LiveChessVersion "1.4.8"]
[BlackElo "2494"]
[WhiteElo "2651"]

1. d4 {[%clk 0:03:03]} Nf6 {[%clk 0:03:03]} 2. c4 {[%clk 0:03:03]} g6
{[%clk 0:03:04]} 3. Nf3 {[%clk 0:03:03]} Bg7 {[%clk 0:03:05]} 4. g3
{[%clk 0:03:02]} O-O {[%clk 0:03:06]} 5. Bg2 {[%clk 0:03:03]} c6 {[%clk 0:02:55]}
6. O-O {[%clk 0:03:02]} d5 {[%clk 0:02:56]} 7. Qb3 {[%clk 0:03:02]} Qb6
{[%clk 0:02:57]} 8. Nc3 {[%clk 0:02:57]} Rd8 {[%clk 0:02:58]} 9. Rd1
{[%clk 0:02:35]} Bf5 {[%clk 0:02:55]} 10. cxd5 {[%clk 0:02:34]} Nxd5
{[%clk 0:02:31]} 11. Bg5 {[%clk 0:02:27]} Qxb3 {[%clk 0:02:18]} 12. axb3
{[%clk 0:02:28]} Na6 {[%clk 0:01:50]} 13. Nxd5 {[%clk 0:01:22]} cxd5
{[%clk 0:01:51]} 14. Rdc1 {[%clk 0:01:09]} Kf8 {[%clk 0:01:47]} 15. Bd2
{[%clk 0:01:05]} Rdc8 {[%clk 0:01:36]} 16. Bc3 {[%clk 0:00:59]} Nb8
{[%clk 0:01:24]} 17. Nd2 {[%clk 0:00:54]} Be6 {[%clk 0:01:08]} 18. b4
{[%clk 0:00:54]} Nd7 {[%clk 0:00:58]} 19. Nb3 {[%clk 0:00:50]} b6
{[%clk 0:00:52]} 20. e3 {[%clk 0:00:50]} Nf6 {[%clk 0:00:51]} 21. Nd2
{[%clk 0:00:38]} Bf5 {[%clk 0:00:51]} 22. Bf1 {[%clk 0:00:37]} Rc7
{[%clk 0:00:40]} 23. Ra3 {[%clk 0:00:31]} Ne8 {[%clk 0:00:36]} 24. Rca1
{[%clk 0:00:28]} Nd6 {[%clk 0:00:37]} 25. R3a2 {[%clk 0:00:22]} Bd7
{[%clk 0:00:38]} 26. Ra3 Bb5 {[%clk 0:00:35]} 27. Rb3 {[%clk 0:00:14]} Bxf1
{[%clk 0:00:35]} 28. Kxf1 {[%clk 0:00:15]} Nb5 {[%clk 0:00:36]} 29. Ke2
{[%clk 0:00:16]} Rac8 {[%clk 0:00:36]} 30. Kd3 {[%clk 0:00:17]} Ke8
{[%clk 0:00:37]} 31. Nb1 {[%clk 0:00:18]} Kd7 {[%clk 0:00:36]} 32. Na3
{[%clk 0:00:18]} Nd6 {[%clk 0:00:38]} 33. b5 {[%clk 0:00:17]} Ne4
{[%clk 0:00:34]} 34. f3 {[%clk 0:00:14]} Nd6 {[%clk 0:00:30]} 35. Nc2
{[%clk 0:00:15]} f6 {[%clk 0:00:28]} 36. Nb4 {[%clk 0:00:13]} e6 {[%clk 0:00:20]}
37. Na6 {[%clk 0:00:15]} Rb7 {[%clk 0:00:21]} 38. Ra4 {[%clk 0:00:16]} e5
{[%clk 0:00:19]} 39. e4 {[%clk 0:00:16]} dxe4+ {[%clk 0:00:19]} 40. fxe4
{[%clk 0:00:17]} f5 {[%clk 0:00:17]} 41. exf5 {[%clk 0:00:17]} e4+
{[%clk 0:00:18]} 42. Ke2 {[%clk 0:00:19]} gxf5 {[%clk 0:00:17]} 43. Ra1
{[%clk 0:00:16]} Rc4 {[%clk 0:00:14]} 44. Rd1 {[%clk 0:00:17]} h5
{[%clk 0:00:13]} 45. Nb4 {[%clk 0:00:15]} Nxb5 {[%clk 0:00:12]} 46. Nd5
{[%clk 0:00:16]} Nd6 {[%clk 0:00:11]} 47. Ne3 {[%clk 0:00:16]} Rc8
{[%clk 0:00:12]} 48. Rf1 {[%clk 0:00:16]} Rf8 {[%clk 0:00:13]} 49. Ng2
{[%clk 0:00:11]} Bh6 {[%clk 0:00:10]} 50. Nh4 {[%clk 0:00:11]} Bg7
{[%clk 0:00:08]} 51. Bb4 {[%clk 0:00:10]} Rf6 {[%clk 0:00:05]} 52. Bxd6
{[%clk 0:00:11]} Rxd6 {[%clk 0:00:06]} 53. Nxf5 {[%clk 0:00:12]} Rg6
{[%clk 0:00:06]} 54. Nxg7 {[%clk 0:00:12]} Rxg7 {[%clk 0:00:08]} 55. Re3
{[%clk 0:00:13]} Re7 {[%clk 0:00:06]} 56. Rf4 {[%clk 0:00:14]} Kd6
{[%clk 0:00:07]} 57. Rfxe4 {[%clk 0:00:14]} Rxe4 {[%clk 0:00:08]} 58. Rxe4
{[%clk 0:00:15]} Kd5 {[%clk 0:00:06]} 59. Kd3 {[%clk 0:00:16]} Rh7
{[%clk 0:00:04]} 60. Rh4 {[%clk 0:00:16]} Rf7 {[%clk 0:00:03]} 61. Rxh5+ Kc6 62.
Re5 {[%clk 0:00:15]} Rf2 {[%clk 0:00:06]} 63. Re2 {[%clk 0:00:16]} Rf1
{[%clk 0:00:08]} 64. Rg2 {[%clk 0:00:15]} Kd5 {[%clk 0:00:06]} 65. g4
{[%clk 0:00:17]} Rf3+ {[%clk 0:00:08]} 66. Kc2 {[%clk 0:00:14]} Kxd4
{[%clk 0:00:08]} 67. g5 {[%clk 0:00:15]} Ke5 {[%clk 0:00:08]} 68. g6
{[%clk 0:00:16]} Rf8 {[%clk 0:00:07]} 69. h4 {[%clk 0:00:16]} Rc8+
{[%clk 0:00:05]} 70. Kb3 {[%clk 0:00:15]} Kf6 {[%clk 0:00:07]} 71. g7
{[%clk 0:00:13]} Rg8 {[%clk 0:00:07]} 72. Kc4 {[%clk 0:00:13]} a6
{[%clk 0:00:04]} 73. Kd5 {[%clk 0:00:13]} Kf7 {[%clk 0:00:03]} 74. Kc6
{[%clk 0:00:14]} b5 {[%clk 0:00:05]} 75. Kb6 {[%clk 0:00:15]} b4 {[%clk 0:00:03]}
76. Kxa6 {[%clk 0:00:14]} b3 {[%clk 0:00:03]} 77. h5 {[%clk 0:00:11]} 1-0

[Event "Blitz 2018"]
[Site "Saint-Petersburg"]
[Date "2018.12.29"]
[Round "11"]
[Board "26"]
[White "Oganian Miran (RUS)"]
[Black "Maghsoodloo Parham (IRI)"]
[Result "0-1"]
[LiveChessVersion "1.4.8"]
[BlackElo "2642"]
[WhiteElo "2326"]

1. b3 {[%clk 0:03:03]} Nf6 {[%clk 0:03:00]} 2. Bb2 {[%clk 0:03:04]} d5
{[%clk 0:03:01]} 3. Nf3 {[%clk 0:03:02]} a6 {[%clk 0:02:58]} 4. e3
{[%clk 0:03:00]} e6 {[%clk 0:02:52]} 5. c4 {[%clk 0:02:54]} dxc4 {[%clk 0:02:48]}
6. Bxc4 {[%clk 0:02:43]} Be7 {[%clk 0:02:48]} 7. O-O {[%clk 0:02:43]} O-O
{[%clk 0:02:48]} 8. d4 {[%clk 0:02:38]} b6 {[%clk 0:02:40]} 9. Nbd2
{[%clk 0:02:33]} Bb7 {[%clk 0:02:40]} 10. Ne5 {[%clk 0:02:30]} Nbd7
{[%clk 0:02:39]} 11. Ndf3 {[%clk 0:02:27]} c5 {[%clk 0:02:37]} 12. Qe2
{[%clk 0:02:17]} b5 {[%clk 0:02:05]} 13. Bd3 {[%clk 0:02:17]} cxd4
{[%clk 0:02:00]} 14. Bxd4 {[%clk 0:01:59]} Nxe5 {[%clk 0:01:26]} 15. Nxe5
{[%clk 0:01:58]} Ba3 {[%clk 0:01:24]} 16. Rfd1 {[%clk 0:01:52]} Qe7
{[%clk 0:01:24]} 17. Ng4 {[%clk 0:01:23]} Nxg4 {[%clk 0:01:19]} 18. Qxg4
{[%clk 0:01:23]} f6 {[%clk 0:01:05]} 19. Qh4 {[%clk 0:01:13]} g6 20. Bc3
{[%clk 0:00:22]} Rac8 {[%clk 0:00:53]} 21. Ba5 {[%clk 0:00:14]} e5
{[%clk 0:00:20]} 22. Be4 {[%clk 0:00:10]} Bxe4 {[%clk 0:00:10]} 23. Qxe4
{[%clk 0:00:11]} Qf7 {[%clk 0:00:06]} 24. h4 {[%clk 0:00:10]} Rfe8
{[%clk 0:00:08]} 25. b4 {[%clk 0:00:07]} f5 26. Qd3 {[%clk 0:00:07]} Bb2
{[%clk 0:00:06]} 27. Rab1 {[%clk 0:00:08]} e4 {[%clk 0:00:07]} 28. Qd5
{[%clk 0:00:04]} Bf6 {[%clk 0:00:07]} 29. Qxf7+ {[%clk 0:00:05]} Kxf7
{[%clk 0:00:08]} 30. h5 {[%clk 0:00:06]} Ke6 {[%clk 0:00:08]} 31. hxg6
{[%clk 0:00:07]} hxg6 {[%clk 0:00:10]} 32. Bb6 {[%clk 0:00:05]} Be7
{[%clk 0:00:10]} 33. a3 {[%clk 0:00:04]} Rc3 {[%clk 0:00:11]} 34. Ra1
{[%clk 0:00:05]} Rec8 {[%clk 0:00:12]} 35. Bd4 {[%clk 0:00:06]} Rb3
{[%clk 0:00:08]} 36. a4 {[%clk 0:00:06]} Rc6 {[%clk 0:00:06]} 37. axb5
{[%clk 0:00:07]} axb5 {[%clk 0:00:07]} 38. Rab1 {[%clk 0:00:07]} Rxb4
{[%clk 0:00:06]} 39. Rxb4 {[%clk 0:00:06]} Bxb4 {[%clk 0:00:08]} 40. Rb1
{[%clk 0:00:08]} Rc4 {[%clk 0:00:09]} 41. g4 {[%clk 0:00:07]} f4 {[%clk 0:00:09]}
42. Kg2 {[%clk 0:00:07]} f3+ {[%clk 0:00:11]} 43. Kh3 {[%clk 0:00:08]} g5
{[%clk 0:00:12]} 44. Ra1 {[%clk 0:00:08]} Bd6 {[%clk 0:00:12]} 45. Ra8
{[%clk 0:00:05]} Rc1 {[%clk 0:00:13]} 46. Be5 Kxe5 0-1

[Event "Blitz 2018"]
[Site "Saint-Petersburg"]
[Date "2018.12.29"]
[Round "11"]
[Board "27"]
[White "Oparin Grigoriy (RUS)"]
[Black "Reshetnikov Alexey (RUS)"]
[Result "1/2-1/2"]
[LiveChessVersion "1.4.8"]
[BlackElo "2473"]
[WhiteElo "2641"]

1. Nf3 {[%clk 0:03:03]} d5 {[%clk 0:03:02]} 2. g3 {[%clk 0:03:03]} Nf6
{[%clk 0:03:03]} 3. Bg2 {[%clk 0:03:04]} c6 {[%clk 0:03:05]} 4. O-O
{[%clk 0:03:04]} Bf5 {[%clk 0:03:06]} 5. c4 {[%clk 0:02:59]} e6 {[%clk 0:03:05]}
6. cxd5 {[%clk 0:02:59]} exd5 {[%clk 0:03:00]} 7. d3 {[%clk 0:03:00]} Be7
{[%clk 0:03:00]} 8. Nc3 {[%clk 0:03:00]} O-O {[%clk 0:02:59]} 9. Qb3
{[%clk 0:03:01]} Qb6 {[%clk 0:02:52]} 10. Qc2 {[%clk 0:03:01]} h6
{[%clk 0:02:43]} 11. e4 {[%clk 0:03:02]} dxe4 {[%clk 0:02:43]} 12. dxe4
{[%clk 0:03:02]} Bh7 {[%clk 0:02:44]} 13. Be3 {[%clk 0:03:03]} Qa6
{[%clk 0:02:33]} 14. Rfd1 {[%clk 0:03:03]} Nbd7 {[%clk 0:02:29]} 15. a3
{[%clk 0:03:03]} b6 {[%clk 0:01:55]} 16. Nd4 {[%clk 0:02:41]} Rac8
{[%clk 0:01:48]} 17. h3 {[%clk 0:02:20]} Rfe8 {[%clk 0:01:47]} 18. Nf5
{[%clk 0:02:14]} Bxf5 {[%clk 0:01:43]} 19. exf5 {[%clk 0:02:15]} Bc5
{[%clk 0:01:25]} 20. Bxc5 {[%clk 0:02:00]} Nxc5 {[%clk 0:01:19]} 21. Rd4
{[%clk 0:01:52]} Ncd7 {[%clk 0:01:07]} 22. Rad1 {[%clk 0:01:51]} Ne5
{[%clk 0:00:47]} 23. Qb3 {[%clk 0:01:08]} b5 {[%clk 0:00:36]} 24. a4
{[%clk 0:01:02]} Rb8 {[%clk 0:00:21]} 25. axb5 {[%clk 0:00:33]} cxb5
{[%clk 0:00:23]} 26. Rb4 {[%clk 0:00:32]} Qc8 {[%clk 0:00:07]} 27. Rxb5
{[%clk 0:00:25]} Rxb5 {[%clk 0:00:08]} 28. Qxb5 {[%clk 0:00:26]} Nc4
{[%clk 0:00:04]} 29. Nd5 {[%clk 0:00:12]} Nxd5 {[%clk 0:00:04]} 30. Bxd5
{[%clk 0:00:09]} Nd6 {[%clk 0:00:05]} 31. Qa4 {[%clk 0:00:08]} Qxf5
{[%clk 0:00:06]} 32. Bg2 {[%clk 0:00:09]} Rd8 {[%clk 0:00:07]} 33. Qxa7
{[%clk 0:00:08]} Qc2 {[%clk 0:00:07]} 34. Qa1 {[%clk 0:00:04]} Qc5
{[%clk 0:00:06]} 35. Qc1 {[%clk 0:00:05]} Qb4 {[%clk 0:00:06]} 36. Qc3
{[%clk 0:00:06]} Qb6 {[%clk 0:00:07]} 37. b4 {[%clk 0:00:07]} Rb8
{[%clk 0:00:07]} 38. Qe5 {[%clk 0:00:06]} Nc4 {[%clk 0:00:08]} 39. Qf4
{[%clk 0:00:06]} Qxb4 {[%clk 0:00:04]} 40. Rd7 {[%clk 0:00:06]} Qb1+
{[%clk 0:00:03]} 41. Kh2 {[%clk 0:00:07]} Rf8 {[%clk 0:00:04]} 42. Bd5
{[%clk 0:00:08]} Nb6 {[%clk 0:00:06]} 43. Rxf7 {[%clk 0:00:08]} Rxf7
{[%clk 0:00:05]} 44. Qxf7+ {[%clk 0:00:08]} Kh7 {[%clk 0:00:06]} 45. Bg2
{[%clk 0:00:06]} Qg6 {[%clk 0:00:07]} 46. Qe7 {[%clk 0:00:06]} Kg8
{[%clk 0:00:03]} 47. Qd8+ {[%clk 0:00:07]} Kh7 {[%clk 0:00:04]} 48. Qd4
{[%clk 0:00:07]} Kg8 {[%clk 0:00:03]} 49. Be4 {[%clk 0:00:08]} Qf6
{[%clk 0:00:04]} 50. Qe3 {[%clk 0:00:07]} Nd7 {[%clk 0:00:04]} 51. Bd5+
{[%clk 0:00:08]} Kh8 {[%clk 0:00:05]} 52. Qe8+ Nf8 53. Kg2 {[%clk 0:00:10]} Qf5
{[%clk 0:00:07]} 54. Be4 {[%clk 0:00:11]} Qf6 {[%clk 0:00:09]} 55. h4
{[%clk 0:00:12]} g5 {[%clk 0:00:10]} 56. h5 {[%clk 0:00:12]} Kg7 {[%clk 0:00:11]}
57. Qb5 {[%clk 0:00:12]} Qe6 {[%clk 0:00:12]} 58. Qb7+ {[%clk 0:00:13]} Qd7
{[%clk 0:00:14]} 59. Qb2+ {[%clk 0:00:14]} Kg8 {[%clk 0:00:14]} 60. Qf6
{[%clk 0:00:14]} Qg7 {[%clk 0:00:15]} 61. Bd5+ {[%clk 0:00:15]} Kh8
{[%clk 0:00:16]} 62. Qf5 {[%clk 0:00:16]} Nd7 {[%clk 0:00:16]} 63. Be6
{[%clk 0:00:16]} Nf6 {[%clk 0:00:17]} 64. g4 {[%clk 0:00:15]} Qb7+
{[%clk 0:00:19]} 65. Kh2 Qc7+ 66. Kh3 {[%clk 0:00:13]} Qc3+ {[%clk 0:00:11]} 67.
f3 {[%clk 0:00:13]} Qa1 {[%clk 0:00:12]} 68. Kg2 {[%clk 0:00:11]} Qb2+
{[%clk 0:00:13]} 69. Kg3 {[%clk 0:00:10]} Qa1 {[%clk 0:00:10]} 70. Kf2
{[%clk 0:00:06]} Qd4+ {[%clk 0:00:09]} 71. Ke2 {[%clk 0:00:06]} Qb2+
{[%clk 0:00:09]} 72. Ke3 {[%clk 0:00:07]} Qc3+ {[%clk 0:00:09]} 73. Ke2
{[%clk 0:00:08]} Qb2+ {[%clk 0:00:11]} 74. Kd3 {[%clk 0:00:09]} Qb1+
{[%clk 0:00:09]} 75. Kd4 {[%clk 0:00:10]} Qb2+ {[%clk 0:00:10]} 76. Kc5
{[%clk 0:00:11]} Qc3+ {[%clk 0:00:08]} 77. Kd6 {[%clk 0:00:12]} Qb4+
{[%clk 0:00:07]} 78. Kc7 {[%clk 0:00:12]} Qe7+ {[%clk 0:00:07]} 79. Kc6
{[%clk 0:00:13]} Qe8+ {[%clk 0:00:09]} 80. Kd6 {[%clk 0:00:13]} Kg7
{[%clk 0:00:08]} 81. Bd5 {[%clk 0:00:09]} Qb8+ {[%clk 0:00:09]} 82. Kc5
{[%clk 0:00:10]} Qa7+ {[%clk 0:00:09]} 83. Kc4 {[%clk 0:00:11]} Qa2+
{[%clk 0:00:10]} 84. Kd4 {[%clk 0:00:12]} Qd2+ {[%clk 0:00:11]} 85. Kc5
{[%clk 0:00:13]} Qa5+ {[%clk 0:00:13]} 86. Kc4 {[%clk 0:00:12]} Qa2+
{[%clk 0:00:14]} 1/2-1/2

[Event "Blitz 2018"]
[Site "Saint-Petersburg"]
[Date "2018.12.29"]
[Round "11"]
[Board "28"]
[White "Savchenko Boris (RUS)"]
[Black "Tissir Mohamed (MAR)"]
[Result "1-0"]
[LiveChessVersion "1.4.8"]
[BlackElo "2381"]
[WhiteElo "2639"]

1. e4 {[%clk 0:03:03]} c5 {[%clk 0:03:04]} 2. Nf3 {[%clk 0:03:04]} d6
{[%clk 0:03:05]} 3. d4 {[%clk 0:03:04]} cxd4 {[%clk 0:03:06]} 4. Nxd4
{[%clk 0:03:05]} Nf6 {[%clk 0:03:07]} 5. Nc3 a6 6. Bg5 {[%clk 0:03:07]} e6
{[%clk 0:03:04]} 7. f4 {[%clk 0:03:07]} Nbd7 {[%clk 0:03:05]} 8. Qf3
{[%clk 0:03:07]} h6 {[%clk 0:03:05]} 9. Bh4 {[%clk 0:03:08]} e5 {[%clk 0:03:07]}
10. Nf5 {[%clk 0:03:07]} exf4 {[%clk 0:03:07]} 11. Bxf6 {[%clk 0:03:08]} Nxf6
{[%clk 0:03:06]} 12. O-O-O {[%clk 0:03:08]} Bxf5 {[%clk 0:02:54]} 13. exf5
{[%clk 0:03:07]} Qc7 {[%clk 0:02:51]} 14. Qxf4 {[%clk 0:02:41]} Be7
{[%clk 0:02:48]} 15. g4 {[%clk 0:02:36]} Rc8 {[%clk 0:02:37]} 16. Bg2
{[%clk 0:02:27]} b5 {[%clk 0:02:37]} 17. h4 {[%clk 0:02:07]} Qc5 {[%clk 0:01:47]}
18. g5 {[%clk 0:01:29]} hxg5 {[%clk 0:01:11]} 19. hxg5 {[%clk 0:01:29]} Rxh1
{[%clk 0:01:11]} 20. Rxh1 {[%clk 0:01:29]} Nd7 {[%clk 0:01:07]} 21. Bb7
{[%clk 0:00:53]} Rc7 {[%clk 0:01:01]} 22. Qe4 {[%clk 0:00:49]} Ne5
{[%clk 0:00:52]} 23. Bxa6 {[%clk 0:00:35]} Bxg5+ {[%clk 0:00:46]} 24. Kb1
{[%clk 0:00:36]} b4 {[%clk 0:00:44]} 25. Nd5 {[%clk 0:00:17]} Ra7
{[%clk 0:00:45]} 26. Nxb4 {[%clk 0:00:12]} Bd2 {[%clk 0:00:15]} 27. a3
{[%clk 0:00:09]} Bxb4 {[%clk 0:00:14]} 28. axb4 {[%clk 0:00:09]} Qb6
{[%clk 0:00:13]} 29. b5 {[%clk 0:00:09]} Qc5 {[%clk 0:00:13]} 30. Qe2
{[%clk 0:00:07]} Rc7 {[%clk 0:00:13]} 31. Rd1 {[%clk 0:00:07]} Ke7
{[%clk 0:00:14]} 32. Qe4 {[%clk 0:00:08]} Kf8 {[%clk 0:00:13]} 33. b3
{[%clk 0:00:09]} Ra7 {[%clk 0:00:13]} 34. Qd4 {[%clk 0:00:09]} Ke7
{[%clk 0:00:04]} 35. Qxc5 {[%clk 0:00:07]} dxc5 {[%clk 0:00:05]} 36. Rd5
{[%clk 0:00:07]} Nd7 {[%clk 0:00:06]} 37. Bc8 {[%clk 0:00:07]} Nb6
{[%clk 0:00:06]} 38. Rxc5 {[%clk 0:00:07]} Ra8 {[%clk 0:00:04]} 39. Bb7
{[%clk 0:00:07]} Rh8 {[%clk 0:00:06]} 40. Kb2 {[%clk 0:00:07]} Rh2
{[%clk 0:00:06]} 41. Rc6 {[%clk 0:00:08]} Nd5 {[%clk 0:00:07]} 42. Rc4
{[%clk 0:00:08]} Nf6 {[%clk 0:00:06]} 43. b6 {[%clk 0:00:08]} Kd6
{[%clk 0:00:07]} 44. Bc6 {[%clk 0:00:08]} Rh8 45. b7 {[%clk 0:00:09]} Rb8
{[%clk 0:00:06]} 46. b4 {[%clk 0:00:10]} g5 {[%clk 0:00:04]} 47. fxg6
{[%clk 0:00:10]} fxg6 {[%clk 0:00:06]} 48. b5 {[%clk 0:00:12]} g5
{[%clk 0:00:07]} 49. Kb3 {[%clk 0:00:12]} g4 {[%clk 0:00:08]} 50. Rf4
{[%clk 0:00:13]} Ke5 {[%clk 0:00:10]} 51. Rf1 {[%clk 0:00:13]} g3
{[%clk 0:00:11]} 52. Kb4 {[%clk 0:00:14]} Nd5+ {[%clk 0:00:12]} 53. Kc5
{[%clk 0:00:13]} Ne3 {[%clk 0:00:12]} 54. Re1 {[%clk 0:00:14]} Kf4
{[%clk 0:00:14]} 55. c4 {[%clk 0:00:07]} Rh8 {[%clk 0:00:12]} 56. Re2
{[%clk 0:00:06]} Nf5 {[%clk 0:00:06]} 57. Re4+ {[%clk 0:00:06]} Kg5
{[%clk 0:00:06]} 58. Re2 {[%clk 0:00:07]} Kf4 {[%clk 0:00:04]} 59. Kb6
{[%clk 0:00:08]} Nd4 {[%clk 0:00:05]} 60. Re4+ {[%clk 0:00:09]} Kf5
{[%clk 0:00:06]} 61. Rxd4 {[%clk 0:00:10]} 1-0

[Event "Blitz 2018"]
[Site "Saint-Petersburg"]
[Date "2018.12.29"]
[Round "11"]
[Board "31"]
[White "Melkumyan Hrant (ARM)"]
[Black "Khusnutdinov Rustam (KAZ)"]
[Result "1-0"]
[LiveChessVersion "1.4.8"]
[BlackElo "2582"]
[WhiteElo "2699"]

1. Nf3 {[%clk 0:03:03]} c5 {[%clk 0:03:03]} 2. c4 {[%clk 0:03:04]} Nc6
{[%clk 0:03:04]} 3. Nc3 {[%clk 0:03:05]} Nf6 {[%clk 0:03:04]} 4. e3
{[%clk 0:03:05]} e5 {[%clk 0:03:05]} 5. Be2 {[%clk 0:03:02]} Be7 {[%clk 0:03:05]}
6. d4 {[%clk 0:03:03]} cxd4 {[%clk 0:03:05]} 7. exd4 {[%clk 0:03:04]} e4
{[%clk 0:03:06]} 8. Ne5 {[%clk 0:03:04]} O-O {[%clk 0:03:07]} 9. O-O
{[%clk 0:03:04]} Re8 {[%clk 0:03:07]} 10. Bf4 {[%clk 0:02:53]} d6
{[%clk 0:02:55]} 11. Nxc6 {[%clk 0:02:53]} bxc6 {[%clk 0:02:57]} 12. Qd2
{[%clk 0:02:52]} d5 {[%clk 0:02:44]} 13. c5 {[%clk 0:02:52]} Bg4 {[%clk 0:02:39]}
14. Ba6 {[%clk 0:02:46]} Qd7 {[%clk 0:02:33]} 15. b4 {[%clk 0:02:44]} Nh5
{[%clk 0:02:27]} 16. Be3 {[%clk 0:02:44]} Bd8 {[%clk 0:02:18]} 17. Ne2
{[%clk 0:02:40]} Bc7 {[%clk 0:02:06]} 18. Ng3 {[%clk 0:02:41]} Rab8
{[%clk 0:02:02]} 19. Rab1 {[%clk 0:02:39]} Nf6 {[%clk 0:01:41]} 20. Bf4
{[%clk 0:02:35]} h5 {[%clk 0:01:37]} 21. h3 {[%clk 0:02:26]} Be6 {[%clk 0:01:23]}
22. Rfe1 {[%clk 0:02:19]} h4 {[%clk 0:01:17]} 23. Nf1 {[%clk 0:02:15]} Nh7
{[%clk 0:01:14]} 24. a4 {[%clk 0:02:08]} Bxf4 {[%clk 0:01:13]} 25. Qxf4 g5 26.
Qd2 {[%clk 0:02:01]} f5 {[%clk 0:01:02]} 27. b5 Rf8 28. bxc6 {[%clk 0:01:48]}
Qxc6 {[%clk 0:01:04]} 29. Rxb8 {[%clk 0:01:48]} Rxb8 {[%clk 0:01:05]} 30. Bb5
{[%clk 0:01:48]} Qc7 {[%clk 0:01:05]} 31. f3 {[%clk 0:01:30]} Kf7
{[%clk 0:01:04]} 32. fxe4 {[%clk 0:01:28]} dxe4 {[%clk 0:01:01]} 33. Ne3
{[%clk 0:01:09]} Rd8 {[%clk 0:00:59]} 34. Kh1 {[%clk 0:00:53]} Qxc5
{[%clk 0:00:57]} 35. d5 {[%clk 0:00:48]} Bc8 {[%clk 0:00:52]} 36. Rc1
{[%clk 0:00:47]} Qe7 {[%clk 0:00:42]} 37. Rc6 {[%clk 0:00:41]} Qe5
{[%clk 0:00:31]} 38. d6 {[%clk 0:00:36]} Nf6 {[%clk 0:00:30]} 39. Nc4
{[%clk 0:00:27]} Qf4 {[%clk 0:00:31]} 40. Qxf4 {[%clk 0:00:22]} gxf4
{[%clk 0:00:32]} 41. Ne5+ {[%clk 0:00:23]} Kf8 {[%clk 0:00:21]} 42. Rc7
{[%clk 0:00:23]} Be6 {[%clk 0:00:18]} 43. Ng6+ {[%clk 0:00:19]} Kg8
{[%clk 0:00:19]} 44. Nxf4 {[%clk 0:00:19]} Bf7 {[%clk 0:00:17]} 45. d7
{[%clk 0:00:20]} Kf8 {[%clk 0:00:13]} 46. Rxa7 {[%clk 0:00:21]} Nd5
{[%clk 0:00:12]} 47. Nxd5 {[%clk 0:00:17]} Bxd5 {[%clk 0:00:13]} 48. Rc7
{[%clk 0:00:15]} Ke7 {[%clk 0:00:14]} 49. Kg1 {[%clk 0:00:15]} f4
{[%clk 0:00:15]} 50. a5 {[%clk 0:00:15]} e3 {[%clk 0:00:15]} 51. a6
{[%clk 0:00:16]} Rg8 {[%clk 0:00:16]} 52. Rc8 {[%clk 0:00:14]} Rd8
{[%clk 0:00:13]} 53. a7 {[%clk 0:00:14]} Bb7 {[%clk 0:00:14]} 54. Rb8
{[%clk 0:00:14]} Be4 {[%clk 0:00:13]} 55. Kf1 {[%clk 0:00:11]} Bd5
{[%clk 0:00:13]} 56. Be2 {[%clk 0:00:08]} Rxd7 {[%clk 0:00:12]} 57. a8=Q
{[%clk 0:00:09]} Bxa8 {[%clk 0:00:12]} 58. Rxa8 {[%clk 0:00:10]} Kf6
{[%clk 0:00:14]} 59. Ra5 {[%clk 0:00:10]} Rc7 {[%clk 0:00:14]} 60. Bd3
{[%clk 0:00:05]} Rc1+ {[%clk 0:00:05]} 61. Ke2 {[%clk 0:00:07]} Rg1
{[%clk 0:00:06]} 62. Be4 {[%clk 0:00:08]} Ke6 {[%clk 0:00:06]} 63. Rg5
{[%clk 0:00:08]} Ra1 {[%clk 0:00:05]} 64. Rb5 {[%clk 0:00:04]} Ra2+
{[%clk 0:00:06]} 65. Ke1 {[%clk 0:00:03]} Rd2 {[%clk 0:00:06]} 66. Rh5 Kf6
{[%clk 0:00:05]} 67. Bf3 {[%clk 0:00:05]} Ra2 {[%clk 0:00:05]} 68. Rxh4
{[%clk 0:00:06]} Ke5 {[%clk 0:00:06]} 69. Rh5+ {[%clk 0:00:07]} Kd4
{[%clk 0:00:08]} 70. Rd5+ {[%clk 0:00:08]} Kc4 {[%clk 0:00:08]} 71. h4
{[%clk 0:00:08]} Ra1+ {[%clk 0:00:09]} 72. Rd1 {[%clk 0:00:09]} Ra8
{[%clk 0:00:07]} 73. Bxa8 {[%clk 0:00:09]} Kd5 1-0

[Event "Blitz 2018"]
[Site "Saint-Petersburg"]
[Date "2018.12.29"]
[Round "11"]
[Board "32"]
[White "Ponkratov Pavel (RUS)"]
[Black "Yilmaz Mustafa (TUR)"]
[Result "0-1"]
[LiveChessVersion "1.4.8"]
[BlackElo "2515"]
[WhiteElo "2688"]

1. Nf3 {[%clk 0:03:02]} d5 {[%clk 0:03:03]} 2. d3 {[%clk 0:03:03]} c5
{[%clk 0:02:59]} 3. g3 {[%clk 0:03:01]} Nc6 {[%clk 0:03:01]} 4. Bg2
{[%clk 0:03:02]} e5 {[%clk 0:03:01]} 5. O-O {[%clk 0:03:01]} Be7 {[%clk 0:03:01]}
6. c4 {[%clk 0:03:02]} d4 {[%clk 0:02:57]} 7. e3 {[%clk 0:03:03]} Nf6
{[%clk 0:02:56]} 8. exd4 {[%clk 0:03:04]} exd4 {[%clk 0:02:56]} 9. Bg5
{[%clk 0:03:04]} O-O {[%clk 0:02:50]} 10. Re1 {[%clk 0:03:03]} h6
{[%clk 0:02:51]} 11. Bxf6 {[%clk 0:03:04]} Bxf6 {[%clk 0:02:52]} 12. Nbd2
{[%clk 0:03:03]} Bf5 {[%clk 0:02:45]} 13. Ne4 {[%clk 0:03:04]} Be7
{[%clk 0:02:46]} 14. a3 {[%clk 0:03:01]} Qc7 {[%clk 0:02:30]} 15. Nfd2
{[%clk 0:02:58]} Rae8 {[%clk 0:02:19]} 16. f4 {[%clk 0:02:57]} Bc8
{[%clk 0:02:13]} 17. Nf3 {[%clk 0:02:53]} g6 {[%clk 0:01:47]} 18. Qd2
{[%clk 0:02:45]} Kg7 {[%clk 0:01:48]} 19. Re2 {[%clk 0:02:45]} f5
{[%clk 0:01:28]} 20. Nf2 {[%clk 0:02:41]} Bf6 {[%clk 0:01:21]} 21. Rae1
{[%clk 0:02:39]} Bd7 {[%clk 0:01:18]} 22. b4 {[%clk 0:02:40]} Rxe2
{[%clk 0:00:59]} 23. Rxe2 {[%clk 0:02:40]} Re8 {[%clk 0:01:00]} 24. bxc5
{[%clk 0:02:30]} Rxe2 {[%clk 0:01:00]} 25. Qxe2 {[%clk 0:02:32]} Qa5
{[%clk 0:00:42]} 26. Qb2 {[%clk 0:02:32]} Bc8 {[%clk 0:00:39]} 27. h4
{[%clk 0:02:21]} Qxc5 {[%clk 0:00:39]} 28. Kh2 {[%clk 0:02:06]} b6
{[%clk 0:00:40]} 29. Nh3 {[%clk 0:02:02]} Be7 {[%clk 0:00:37]} 30. Qe2
{[%clk 0:01:50]} Bd7 {[%clk 0:00:33]} 31. a4 {[%clk 0:01:47]} Bf6
{[%clk 0:00:32]} 32. Nhg1 {[%clk 0:01:43]} Qe7 {[%clk 0:00:31]} 33. Qd1
{[%clk 0:01:38]} Nb4 {[%clk 0:00:28]} 34. Ne2 {[%clk 0:01:15]} Qe3
{[%clk 0:00:30]} 35. Nc1 {[%clk 0:01:16]} a5 {[%clk 0:00:27]} 36. Ng1
{[%clk 0:01:11]} g5 {[%clk 0:00:26]} 37. hxg5 {[%clk 0:01:07]} hxg5
{[%clk 0:00:27]} 38. Nh3 {[%clk 0:00:59]} g4 {[%clk 0:00:25]} 39. Ng1
{[%clk 0:01:00]} Be7 {[%clk 0:00:19]} 40. Nge2 {[%clk 0:01:00]} Bc5
{[%clk 0:00:19]} 41. Qb3 {[%clk 0:00:49]} Qe8 {[%clk 0:00:19]} 42. Qb2
{[%clk 0:00:47]} Qe3 {[%clk 0:00:19]} 43. Qb3 {[%clk 0:00:47]} Kf6
{[%clk 0:00:20]} 44. Qd1 {[%clk 0:00:44]} Ke7 {[%clk 0:00:22]} 45. Kh1
{[%clk 0:00:36]} Kd8 {[%clk 0:00:23]} 46. Kh2 Kc7 47. Qb3 {[%clk 0:00:23]} Qe8
{[%clk 0:00:24]} 48. Qb2 {[%clk 0:00:22]} Bxa4 {[%clk 0:00:25]} 49. Nxd4
{[%clk 0:00:22]} Qh8+ {[%clk 0:00:26]} 0-1